Η σεξουαλική βία κατά γυναικών και παιδιών : έκθεση για την Ελλάδα

Saved in:
Bibliographic Details
Main Author: Τσιγκρής, Άγγελος Αντ. 1966-
Format: Book
Language:Greek
Published: Αθήνα : Σάκκουλας, Α., 2002
Subjects:
Tags: Add Tag
No Tags, Be the first to tag this record!

MARC

LEADER 00000cam a2200000 i 4500
001 1/104254
008 090414s2002 gre d
020 |a 960-15-0670-5 
035 |l 10104349 
040 |a GR-MY-UA  |b gre  |e aacr 
041 0 |a gre 
082 0 |a 362.8292  |2 (22) 
100 1 |a Τσιγκρής, Άγγελος Αντ.  |d 1966- 
245 1 2 |a Η σεξουαλική βία κατά γυναικών και παιδιών :  |b έκθεση για την Ελλάδα /  |c Άγγελος Α. Τσιγκρής 
260 |a Αθήνα :   |b Σάκκουλας, Α.,   |c 2002 
300 |a 114 σ.;  |c 21 εκ. 
504 |a Βιβλιογραφία: σ. [97]-114 
650 0 0 |a Sex crimes  |z Greece. 
650 0 0 |a Violent crimes  |z Greece. 
650 0 0 |a Women  |x Crimes against  |z Greece. 
650 0 0 |a Children  |x Crimes against  |z Greece. 
852 |a INST  |b LESVOS  |e 20090414  |h 362.8292 ΤΣΙ  |p 005100044794  |q 005100044794  |t BK  |y 0 
901 |a BIBL1-2009-1 
909 |a Λ  |b 141280 
970 |a ΓΙΑΛΑΜΑ  |b ΜΑΡΙΑ  |z 2009/04/14